000 00559nam a22002057a 4500
003 OSt
005 20210426082002.0
008 210215s2015 ||||| |||| 00| 0 eng d
020 _a9781508524731
040 _aeng
_beng
_cDLC
041 _aeng
080 _a92
_bH-49
100 _9859
_aHeilpern, Philip
245 _aDoc of Aged: Memoirs of a Traveling Psychiatrist
_c/ by: Philip Heilpern
260 _aCharleston, USA
_bPhilip Heilpern
_c2015
300 _a248 p.
650 0 _9237
_aBiography
653 _aბიოგრაფია
942 _2udc
_cBK
999 _c1369
_d1369